Pays, état ou capitale - Statistiques

Statistiques générales
  • Ce quiz a été pris 120 fois
    103 depuis la dernière actualisation
  • Le résultat moyen est 28 sur 32
Statistiques - réponses
Question Réponse % Correct
Arizona Etat
100%
Utah Etat
99%
Oregon Etat
99%
Hawaï Etat
97%
Louisiane Etat
96%
Haïti Pays
96%
Costa Rica Pays
96%
Pennsylvanie Etat
95%
Nouveau-Mexique Etat
95%
Floride Etat
94%
Saint-Christophe-et-Niévès Pays
94%
Trinité-et-Tobago Pays
94%
Nicaragua Pays
94%
Kingstown Capitale
93%
Cuba Pays
93%
Virginie-Occidentale Etat
92%
Ottawa Capitale
91%
Saint-Vincent-et-les-Grenadines Pays
91%
Saint-George's Capitale
90%
San José Capitale
90%
Grenade Pays
89%
Saint-John's Capitale
88%
Rhode Islande Etat
88%
Washington DC Capitale
85%
Washington Etat
85%
Sainte-Lucie Pays
85%
Kingston Capitale
83%
Tegucigalpa Capitale
80%
Roseau Capitale
80%
Basseterre Capitale
78%
San Salvador Capitale
61%
Géorgie Etat
45%
Aucun quiz correspondant
Distribution des résultats
% des personnes avec chaque résultat
Percentile par nombre de réponses
Votre historique - résultats
Vous n’avez pas pris ce quiz depuis la dernière actualisation